000 00741nam a2200205 i 4500
001 39059
003 ES-MaACL
005 20251014063105.0
007 t|
008 030227s1886 sp ||||1| spa d
100 1 _aCanella y Secades, Fermín,
_d1849-1924
_934478
245 1 0 _aEstudios asturianos
_b: (Cartafueyos d'Asturies) /
_cpor Fermín Canella Secades.
260 _aOviedo :
_b[s.n].,
_c1886 (
_fImp. Vicente Brid.)
300 _a286 p. ;
_c22 cm.
530 _aDisponible en formato digital.
651 4 _aAsturias (Comunidad Autónoma)-
_vMisceláneas.
_9166854
852 _aES-MaACL
_jG-9978
856 _uhttp://bdh-rd.bne.es/viewer.vm?id=0000191005&page=1
_zBiblioteca Digital Hispánica
999 _c39059
_d39059